| 000 | 01975nam a22002777a 4500 | ||
|---|---|---|---|
| 003 | UA-OsUOA | ||
| 001 | 68283 | ||
| 007 | ta | ||
| 008 | 20100414b un ||||| |||| 00| 0 ukr d | ||
| 100 | _aКун М. А. | ||
| 090 |
_a82-343(38) _bК91 |
||
| 942 | _cBK | ||
| 040 |
_aUA-OsUOA _bukr _cUA-OsUOA _dUA-OsUOA |
||
| 245 | _aЛегенди і міфи Давньої Греції | ||
| 300 | _a446 с. | ||
| 955 | _a3 | ||
| 041 | _aukr | ||
| 080 | _a82-343(38) | ||
| 020 | _a978-966-580-243-3 | ||
| 520 | 3 | _aДавньогрецька міфологія є одним із найяскравіших феноменів світової цивілізації. Вона не тільки засвідчила самобутність мислення, пізнання давніми греками закономірностей, що панують у світі, місця людини в ньому, а й сформулювала універсальний кодекс | |
| 520 | 3 | _aлюдської честі, виміри шляхетної поведінки. У ній вкорінені духовність, етичні принципи, культура багатьох європейських народів. Без знання її не пізнати глибин історії, багатьох релігійних систем, вершинних надбань літератури, музики, живопису, архі | |
| 520 | 3 | _aтектури, кіно- та театрального мистецтв. Саме тому вона вивчається студентами гуманітарних факультетів, популярна серед людей, небайдужих до свого духовного розвитку і рівня особистої культури. | |
| 260 |
_aК. _bАкадемія _c2010 |
||
| 650 | 7 |
_a82 Література. Літературознавство _2UDC |
|
| 999 |
_c354485 _d354485 |
||